Patriot games / (Record no. 174373)

000 -LEADER
fixed length control field 00853cam a2200265 a 4500
001 - CONTROL NUMBER
control field 3839557
003 - CONTROL NUMBER IDENTIFIER
control field Nust
005 - DATE AND TIME OF LATEST TRANSACTION
control field 20220831105608.0
008 - FIXED-LENGTH DATA ELEMENTS--GENERAL INFORMATION
fixed length control field 870227s1987 nyu 000 1 eng
010 ## - LIBRARY OF CONGRESS CONTROL NUMBER
LC control number 87006910
020 ## - INTERNATIONAL STANDARD BOOK NUMBER
International Standard Book Number 9780007340583
Terms of availability Rs. 695
038 ## - RECORD CONTENT LICENSOR
Staff Name Arshad
040 ## - CATALOGING SOURCE
Original cataloging agency DLC
Transcribing agency DLC
Modifying agency DLC
-- OCoLC
-- DLC
050 00 - LIBRARY OF CONGRESS CALL NUMBER
Classification number PS3553.L245
Item number P38 1987
082 00 - DEWEY DECIMAL CLASSIFICATION NUMBER
Classification number 823
Author Mark CLA
100 1# - MAIN ENTRY--PERSONAL NAME
Personal name Clancy, Tom,
Dates associated with a name 1947-2013.
9 (RLIN) 12003
245 10 - TITLE STATEMENT
Title Patriot games /
Statement of responsibility, etc. Tom Clancy.
260 ## - PUBLICATION, DISTRIBUTION, ETC.
Place of publication, distribution, etc. New York :
Name of publisher, distributor, etc. Putnam,
Date of publication, distribution, etc. 1987.
300 ## - PHYSICAL DESCRIPTION
Extent 615 p. ;
Dimensions 24 cm.
600 10 - SUBJECT ADDED ENTRY--PERSONAL NAME
Personal name Ryan, Jack,
Titles and other words associated with a name Sr. (Fictitious character)
Form subdivision Fiction.
9 (RLIN) 12004
655 #7 - INDEX TERM--GENRE/FORM
Genre/form data or focus term Spy stories.
Source of term gsafd
9 (RLIN) 8087
856 42 - ELECTRONIC LOCATION AND ACCESS
Materials specified Contributor biographical information
Uniform Resource Identifier <a href="http://www.loc.gov/catdir/enhancements/fy1305/87006910-b.html">http://www.loc.gov/catdir/enhancements/fy1305/87006910-b.html</a>
906 ## - LOCAL DATA ELEMENT F, LDF (RLIN)
a 7
b cbc
c orignew
d 1
e ocip
f 19
g y-gencatlg
942 ## - ADDED ENTRY ELEMENTS (KOHA)
Source of classification or shelving scheme
Koha item type Book
Holdings
Withdrawn status Lost status Source of classification or shelving scheme Damaged status Not for loan Permanent Location Current Location Shelving location Date acquired Total Checkouts Total Renewals Full call number Barcode Date last seen Date last checked out Copy number Price effective from Koha item type
          Central Library (CL) Central Library (CL) Fiction 01/25/2017 1 3 823 CLA CL397 09/24/2025 09/23/2025 1 01/25/2017 Book
© 2023 Central Library, National University of Sciences and Technology. All Rights Reserved.